| 000 | 00928cab a2200205 4500 | ||
|---|---|---|---|
| 001 | ABS67623 | ||
| 008 | 040330n2004 000 0 eng u | ||
| 035 | _a(Sirsi) u125671 | ||
| 100 | _aSweeney, S. | ||
| 245 | 4 | _aThe Regulatory Reform Order - catalyst for change or empty promise? | |
| 260 | _c2004 | ||
| 490 |
_aAccess by Design _v (98) Spring 2004, 25-27(3) |
||
| 520 | _aConsiders the purpose and content of the Regulatory Reform (Housing Assistance) (England and Wales) Order 2002 (RRO) on housing renewal and examines its impact at ground level. It assesses the RRO recommendations against those contained in "Delivering adaptations", the ODPM's draft best practice guidance. | ||
| 590 | _aABS | ||
| 650 | _aREGULATORY REFORM ORDER 2002 | ||
| 650 | _aHOUSING RENEWAL SCHEMES | ||
| 650 | _aMANAGEMENT-BUSINESS MANAGEMENT-DISCRIMINATION-DISABILITY DISCRIMINATION-ACCESSIBILITY | ||
| 690 | _aHOUSING | ||
| 942 | _n0 | ||
| 999 |
_c74324 _d74324 |
||